Derecho procesal civil : (Registro nro. 7270)

Detalles MARC
000 -LEADER
fixed length control field 00873cam a2200265 a 4500
001 - CONTROL NUMBER
control field 12626832
003 - CONTROL NUMBER IDENTIFIER
control field OSt
005 - DATE AND TIME OF LATEST TRANSACTION
control field 20210222104610.0
008 - FIXED-LENGTH DATA ELEMENTS--GENERAL INFORMATION
fixed length control field 011221s2001 ck b 001 0 spa
020 ## - INTERNATIONAL STANDARD BOOK NUMBER
International Standard Book Number 9586353982
040 ## - CATALOGING SOURCE
Original cataloging agency DLC
Transcribing agency CO-JMCR
Modifying agency DLC
041 0# - LANGUAGE CODE
Language code of text/sound track or separate title spa
082 04 - DEWEY DECIMAL CLASSIFICATION NUMBER
Classification number 347.05 /
Item number M753d
Edition number 23
100 1# - MAIN ENTRY--PERSONAL NAME
Personal name Monroy Cabra, Marco Gerardo,
Relator term autor
9 (RLIN) 7938
245 10 - TITLE STATEMENT
Title Derecho procesal civil :
Remainder of title parte general /
Statement of responsibility, etc. Marco Gerardo Monroy Cabra
250 ## - EDITION STATEMENT
Edition statement Quinta edición
260 ## - PUBLICATION, DISTRIBUTION, ETC.
Place of publication, distribution, etc. Bogotá :
Name of publisher, distributor, etc. Ediciones Librería del Profesional,
Date of publication, distribution, etc. 2001
300 ## - PHYSICAL DESCRIPTION
Extent xxxiii, 612 páginas ;
Dimensions 24 cm.
504 ## - BIBLIOGRAPHY, ETC. NOTE
Bibliography, etc. note Bibliografía: páginas 605-612
505 0# - FORMATTED CONTENTS NOTE
Formatted contents note Nociones básicas -- Sujetos de la relación jurídico-procesal
650 14 - SUBJECT ADDED ENTRY--TOPICAL TERM
Topical term or geographic name entry element Proceso civil
Geographic subdivision Colombia.
9 (RLIN) 13746
650 24 - SUBJECT ADDED ENTRY--TOPICAL TERM
Topical term or geographic name entry element Disciplinas jurídicas
9 (RLIN) 13747
650 24 - SUBJECT ADDED ENTRY--TOPICAL TERM
Topical term or geographic name entry element Derecho procesal
9 (RLIN) 8829
942 ## - ADDED ENTRY ELEMENTS (KOHA)
Source of classification or shelving scheme Dewey Decimal Classification
Koha item type Books
Existencias
Withdrawn status Lost status Source of classification or shelving scheme Damaged status Not for loan Home library Current library Shelving location Date acquired Source of acquisition Total Checkouts Full call number Barcode Date last seen Date last checked out Copy number Price effective from Koha item type
    Dewey Decimal Classification     Biblioteca Pública José María del Castillo y Rada Biblioteca Pública José María del Castillo y Rada General Stacks 10/02/2020 Donación 2 347.05 / M753d 201810570 05/28/2025 05/27/2025 Ej.1 10/02/2020 Books